000 00689nam a2200217Ia 4500
003 GCL
008 140319s9999 xx 000 0 ara d
040 _aGCL /
_cGCL
082 0 4 _a668.4
_bا ب
100 1 _aاحمد مجدى
245 1 0 _aالبلاستيك وتاثيراته الصحية والبيئية /
_cاحمد مجدى
700 1 _aحسين مطاوع
300 _a183 ص
490 _aسلسلة العلم والحياة
_v0
650 0 4 _aتلوث البيئة
650 0 4 _aحماية البيئة
650 0 4 _aالبلاستيك
650 0 4 _aالبلاستيك - تاثير الاشعة على
650 0 4 _aالبلاستيك - تشكيل
942 _2ddc
_cBK
999 _c51931
_d51931